Промышленность медицинской техники. 1986, Вып.9: Зарубежная медицинская лабораторная техника на 3-й международной выставке "Здравоохранение-85". Состояние и перспективы развития (Запись № 4258655)

Подробности
000 -МАРКЕР
контрольное поле 01268nam2a22002531 4500
001 - ИДЕНТИФИКАТОР ЗАПИСИ
контрольное поле RU\NLR\INFOCOMM4\1000603099
005 - ИДЕНТИФИКАТОР ВЕРСИИ
контрольное поле 20250617001253.0
035 ## - ДРУГИЕ СИСТЕМНЫЕ НОМЕРА
Идентификатор записи (NLR Aleph) 002304628
100 ## - ДАННЫЕ ОБЩЕЙ ОБРАБОТКИ
Данные общей обработки 20041007d1986 |||y0rusy50 ca
101 0# - ЯЗЫК РЕСУРСА
Язык текста, звукозаписи и т.д. русский
102 ## - СТРАНА ПУБЛИКАЦИИ ИЛИ ПРОИЗВОДСТВА
Страна публикации Российская Федерация
105 ## - ПОЛЕ КОДИРОВАННЫХ ДАННЫХ: ТЕКСТОВЫЕ МАТЕРИАЛЫ, МОНОГРАФИЧЕСКИЕ
Кодированные данные о монографическом текстовом документе y |||||||||
200 1# - ЗАГЛАВИЕ И СВЕДЕНИЯ ОБ ОТВЕТСТВЕННОСТИ
Основное заглавие Зарубежная медицинская лабораторная техника на 3-й международной выставке "Здравоохранение-85". Состояние и перспективы развития
Первые сведения об ответственности В.Л. Войхонский и др.
210 ## - ПУБЛИКАЦИЯ, РАСПРОСТРАНЕНИЕ И ДР.
Дата издания, распространения и т.д. 1986
Место издания, распространения и т.д. Б. м.
461 #0 - УРОВЕНЬ НАБОРА
Встроенное поле 001RU\NLR\INFOCOMM4\1000602943
-- 2001#$aПромышленность медицинской техники$eОбзор. информ.$fМ-во мед. пром-сти, ЦБНТИ, медпром$v1986, Вып.9
Системный номер (АБИС) связанной записи 4257270
Место публикации М.
Дата публикации 1970-
Первые сведения об ответственности М-во мед. пром-сти, ЦБНТИ, медпром
Сведения, относящиеся к заглавию Обзор. информ.
Заглавие Промышленность медицинской техники
Номер тома 1986, Вып.9
700 #1 - ИМЯ ЛИЦА - ПЕРВИЧНАЯ ОТВЕТСТВЕННОСТЬ
Начальный элемент ввода Войхонский
Часть имени, кроме начального элемента ввода В.Л.
Код отношения Автор
801 #1 - ИСТОЧНИК ЗАПИСИ
Страна Российская Федерация
Организация InfoComm
Дата составления 20041007
801 #0 - ИСТОЧНИК ЗАПИСИ
Страна Российская Федерация
Организация NLR
Правила каталогизации PSBO
852 ## - МЕСТОНАХОЖДЕНИЕ И ШИФР ХРАНЕНИЯ
Идентификатор организации NLR
Шифр хранения (Call Number) П16/1192
942 ## - ДОПОЛНИТЕЛЬНЫЕ ЭЛЕМЕНТЫ ЗАПИСИ (АБИС)
Тип экземпляра АБИС Выпуск
980 ## - КОЛЛЕКЦИЯ
Название коллекции Национальная библиография
980 ## - КОЛЛЕКЦИЯ
Название коллекции Русская периодика

Нет доступных экземпляров.